000 00510nam a2200181Ia 4500
008 151202s9999||||xx |||||||||||||| ||und||
082 _bPNVM-42657
100 _aभावे पु.भा.
245 _aझुंबर.
260 _b"वसंत बुक स्टॅाल ,मुंबई."
260 _c1999
300 _a176
600 _aभावे पु.भा.
630 _aझुंबर.
700 _aभावे पु.भा.
730 _aझुंबर.
942 _cBOOK
999 _c1308609
_d1308606